| 000 | 00756nam a2200289 a 4500 | ||
|---|---|---|---|
| 001 | 31479 | ||
| 003 | AR-BaAGN | ||
| 005 | 20231223063339.0 | ||
| 007 | ta | ||
| 008 | 220625s2015 ag |||||r|||| ||||||spa d | ||
| 020 | _a978-987-735-040-1 | ||
| 040 |
_dAR-BaAGN _aAR-BaAGN _bspa _eaacr |
||
| 100 | 1 | _aPlante, Isabel | |
| 245 | 1 | 0 | _aNicolás García Uriburu |
| 250 | _a1ª ed. | ||
| 260 |
_aBuenos Aires : _bAguilar, Altea, Taurus, Alfaguara, _c2015. |
||
| 300 |
_a32 páginas : _bil. |
||
| 336 |
_2rdacontent _btxt |
||
| 337 |
_2rdamedia _bn |
||
| 338 |
_2rdacarrier _bnc |
||
| 600 | 1 | 4 | _aGarcía Uriburu, Nicolás |
| 650 | 4 |
_aARTE _91471 |
|
| 700 | 1 | _aFarina, Fernando | |
| 700 | 1 | _aGaray Basualdo, Eugenia | |
| 942 | _cLIBRO | ||
| 999 |
_c31479 _d31479 |
||